Women, "race," and writing in the early modern period

Αποθηκεύτηκε σε:
Λεπτομέρειες βιβλιογραφικής εγγραφής
Άλλοι συγγραφείς: Hendricks, Margo, 1948- (edtf), Parker, Patricia A., 1946- (edtf)
Μορφή: Βιβλίο
Γλώσσα:English
Δημοσίευση: London ; New York : Routledge, 1994.
Θέματα:
Ετικέτες: Προσθήκη ετικέτας
Δεν υπάρχουν, Καταχωρήστε ετικέτα πρώτοι!

MARC

LEADER 00000cam a2200000 a 4500
001 1/106493
008 150525s1994####xxk| ||| |||| ||eng||
020 |a 0415077788 
040 |a GR-MyUa  |b gre  |c GR-MyUa  |e AACR2 
041 0 |a eng 
082 7 |a 305.42   |2 (23) 
245 0 0 |a Women, "race," and writing in the early modern period /   |c edited by Margo Hendricks and Patricia Parker.  
260 |a London ;   |a New York :   |b Routledge,   |c 1994.  
300 |a vi, 383 σ.   |c 24 εκ.  
504 |a Περιλαμβάνει βιβλιογραφία (σ. 300-368) και ευρετήριο.  
650 0 |a Literature  |x Women authors  |x History and criticism. 
650 0 |a Feminism and literature. 
650 0 |a Race in literature. 
650 0 |a Women and literature. 
650 0 |a Imperialism in literature. 
700 1 |a Hendricks, Margo,  |d 1948-  |e edtf 
700 1 |a Parker, Patricia A.,   |d 1946-  |e edtf 
852 |a INST  |b LESVOS  |e 20150525  |h 305.42 WOM  |p 005100056653  |q 005100056653  |t BK  |y 4  |x 20191105 
970 |a Τζαφέρη  |b Ευαγγελία  |z 23-05-2015